The Dragon book of verse / (Record no. 6985)
[ view plain ]
| 000 -LEADER | |
|---|---|
| fixed length control field | 00801nam a2200253 a 4500 |
| 001 - CONTROL NUMBER | |
| JCCL Control Number | 6985 |
| 003 - CONTROL NUMBER IDENTIFIER | |
| JCCL marc code | BD-JhCC |
| 005 - DATE AND TIME OF LATEST TRANSACTION | |
| control field | 20180419185637.0 |
| 008 - FIXED-LENGTH DATA ELEMENTS--GENERAL INFORMATION | |
| fixed length control field | 820519s1935 enka 000 0 eng d |
| 035 ## - SYSTEM CONTROL NUMBER | |
| system control number | (BD-JhCC)6985 |
| 040 ## - CATALOGING SOURCE | |
| Original cataloging agency | BD-JhCC |
| Transcribing agency | CarP |
| Modifying agency | BD-JhCC |
| 041 ## - LANGUAGE CODE | |
| Language code of Book | eng |
| 050 00 - LIBRARY OF CONGRESS CALL NUMBER | |
| Classification number | PN6110.C4 |
| Item number | W463 |
| 082 ## - DEWEY DECIMAL CLASSIFICATION NUMBER | |
| Classification number | 821 |
| Author mark and Year | WIL 1958 |
| 100 1# - MAIN ENTRY--PERSONAL NAME | |
| Personal name | Wilkinson, William Alexander Chaplin, |
| Dates associated with a name | 1900- [from old catalog] |
| 245 14 - TITLE STATEMENT | |
| Title | The Dragon book of verse / |
| Statement of responsibility, etc | William Alexander Chaplin Wilkinson, Noël Hawtrey Wilkinson |
| 260 ## - PUBLICATION, DISTRIBUTION, ETC. (IMPRINT) | |
| Place of publication, distribution, etc | Oxford, |
| Name of publisher, distributor, etc | The Clarendon press, |
| Date of publication, distribution, etc | 1935. |
| 300 ## - PHYSICAL DESCRIPTION | |
| Pagination | viii, 160 p. |
| Other physical details | illus. |
| Dimensions | 19 cm. |
| 650 #0 - SUBJECT ADDED ENTRY--TOPICAL TERM | |
| Topical term or geographic name as entry element | Children's poetry. |
| 650 #0 - SUBJECT ADDED ENTRY--TOPICAL TERM | |
| Topical term or geographic name as entry element | English poetry. |
| 700 1# - ADDED ENTRY--PERSONAL NAME | |
| Personal name | Wilkinson, Noël Hawtrey, |
| Dates associated with a name | 1908- [from old catalog] |
| 942 ## - ADDED ENTRY ELEMENTS (KOHA) | |
| Source of classification or shelving scheme | Dewey Decimal Classification |
| Koha item type | Books |
| Source of classification or shelving scheme | Damaged status | Not for loan | Home library | Current library | Shelving location | Date of accession | Total Checkouts | Full call number | Barcode | Date last seen | Date checked out | Copy number | Koha item type |
|---|---|---|---|---|---|---|---|---|---|---|---|---|---|
| Dewey Decimal Classification | JCC Rouf Library | JCC Rouf Library | General Stacks | 04/30/2024 | 1 | 821 WIL 1958 | 8749 | 05/11/2024 | 04/30/2024 | C-1 | Books |